Social reconstruction in Africa

Enregistré dans:
Détails bibliographiques
Auteur principal: Wamala, E., ed., [et.al.] ed
Format: Livre
Langue:Undetermined
Publié: Washington, Estados Unidos The Council for Research in Values and Philosophy 1999
Sujets:
Tags: Ajouter un tag
Pas de tags, Soyez le premier à ajouter un tag!

MARC

LEADER 00000nam a2200000Ia 4500
008 170316s9999 xx 000 0 und d
090 |a 100 S-51s 
100 |a Wamala, E., ed., [et.al.] ed. 
245 |a Social reconstruction in Africa 
260 |a Washington, Estados Unidos 
260 |b The Council for Research in Values and Philosophy 
260 |c 1999 
300 |a 145 páginas 
650 |a FILOSOFÍA 
650 |a CULTURA 
650 |a ÉTICA 
650 |a ÁFRICA 
650 |a CULTURE 
999 |c 17656  |d 17656 
040 |a cru BVZT 
942 |c 15 D  |h 100 S-51s  |2 z